Alejandro Solalinde: un hogar para los migrantes/
Kaydedildi:
| Yazar: | |
|---|---|
| Materyal Türü: | Kitap |
| Dil: | Spanish |
| Etiketler: |
Etiketle
Etiket eklenmemiş, İlk siz ekleyin!
|
MARC
| LEADER | 00000nam a22000007a 4500 | ||
|---|---|---|---|
| 003 | cru CIDCACS/IIS | ||
| 005 | 20180314154350.0 | ||
| 007 | ta | ||
| 008 | 180314t2017 mx |||||r|||| 00| 0 spa d | ||
| 999 | |c 41136 |d 41136 | ||
| 040 | |c cru CIDCACS/IIS | ||
| 100 | 1 | |9 6783 |a Ruiz Parra, Emiliano | |
| 245 | 1 | |a Alejandro Solalinde: |b un hogar para los migrantes/ |c Emiliano Ruiz Parra | |
| 300 | |a páginas 17-79 | ||
| 773 | 0 | |0 41130 |9 1877 |a Martínez, Sanjuana |d México: sin editorial, 2017 |o 18578 |t Tod@s somos migrantes/ | |
| 942 | |2 ddc |c PP | ||
